000 00415nam a2200157Ia 4500
008 240729s9999 xx 000 0 und d
022 _a2084-574X
245 0 _aText Matters
260 _aPoland
260 _bLodz University Press
650 _a Literature (General)
650 _aLanguage and Literature
856 _uhttps://doaj.org/toc/eb68a39aaed14fcb85c29cd75a5d12e9
942 _2ddc
942 _cDOAJEJ
999 _c72824
_d72824
945 _a1
_bMadushi Gamage
_c1
_dMadushi Gamage